000 01038nam a2200217 i 4500
001 190177
003 ES-MaACL
005 20230906223647.0
008 200908s1892 sp |||| | spa d
111 2 _aCongreso Geográfico Hispano-Portugués-Americano (
_d1892.
_cMadrid)
_9376
245 1 0 _aCongreso Geográfico Hispano-Portugués-Americano /
_corganizado por la Sociedad Geográfica de Madrid.
260 _a[S.l. :
_bs.n.],
_c1892 (
_eMadrid :
_fImp. del Memorial de Ingenieros)
300 _a29 p. ;
_c15 cm.
530 _aDisponible en formato digital.
594 _aPrecede al tít.: Conmemoración del Cuarto Centenario del Descubrimiento de América.
651 4 _aAmérica-
_xDescubrimientos y exploraciones-
_vCongresos y asambleas.
_9171845
651 4 _aAmérica-
_xDescubrimientos y exploraciones-
_vAniversarios y centenarios.
_9138063
710 2 _aSociedad Geográfica de Madrid.
_96775
852 _aES-MaACL
_jT-604-F-1
856 _uhttp://bdh-rd.bne.es/viewer.vm?id=0000113656&page=1
_zBiblioteca Digital Hispánica
999 _c190177
_d190177